000
00284nam a2200109Ia 4500
008
230907s9999||||xx |||||||||||||| ||und||
082
_a
621.48335
_b
COC
245
4
_a
The nuclear fuel cycle :
260
_a
American Nuclear Society,
_b
Illinois :
_c
1999
300
_a
381 p.
942
_c
BK
999
_c
599357
_d
599357